00547 2200193 4500001002100000005001500021035002000036007000300056008004100059020002200100082001200122084001900134100002100153245007300174250000600247260004700253300003400300650001900334INLIS00000000000201620260211081120 a0010-0226000026ta260211 g 0 ind  a978-602-02-7596-3 a297.261 a297.261 HAR s0 aHarlis Kurniawan1 aSolusi Kehidupan :bMemaknai Hidup dengan Hikmah /cHarlis Kurniawan a- aJakarta :bPT Elex Media Komputindo,c2015 aviii + 160 hlm. ;c14 x 21 cm aMotivasi Islam